000 00225nam a22000857a 4500
008 170128b xxu||||| |||| 00| 0 eng d
100 _92621
_aLaxmi pulication
245 _aEnglish Comunication T.P X
260 _aNew delhi
_bCBT
_c2006
999 _c5763
_d5763